000 00884nam a22001937a 4500
999 _c217452
_d217452
008 201130b ||||| |||| 00| 0 eng d
040 _bger
_cDE-2950
_erda
_aDE-2950
041 _ager
100 _aEberhard, Hans:
245 _aDie Erfolgsgeschichte wird fortgesetzt.
_bOlympiastützpunkt: Vor 50 Jahren gab es den ersten Spatenstich für das Sportzentrum Frankfurt (Oder) - damals für den Armeesportklub. Heute dient die Anlage dem Spitzensport. Was planen die Verantwortlichen für die Zukunft?/
_cHans Eberhard
653 _aFrankfurt (Oder)
653 _aArmeesportklub (ASK) / Olympiastützpunkt
653 _aGeschichte
773 _dFrankfurt (Oder): Märkisches Verlags- und Druckhaus GmbH & Co KG
_g32. Jahrgang (2021) Nr. 144 vom 24.06.2021, S.16 : Foto
_tMärkische Oderzeitung
942 _cA